| 000 | 01246cam a22003014a 4500 | ||
|---|---|---|---|
| 001 | 13178024 | ||
| 003 | NUST - PNEC | ||
| 005 | 20170116180853.0 | ||
| 008 | 030428s2004 nyua b 001 0 eng | ||
| 010 | _a 2003050660 | ||
| 020 | _a0387402497 (hbk. : alk. paper) | ||
| 040 |
_aDLC _cLIBRARY _dDLC |
||
| 042 | _apcc | ||
| 050 | 0 | 0 |
_aQH513 _b.H86 2004 |
| 082 | 0 | 0 | _a610.28 HUM |
| 100 | 1 |
_aHumphrey, Jay Dowell, _d1959- |
|
| 245 | 1 | 3 |
_aAn introduction to biomechanics : solids and fluids, analysis and design / _cJay D. Humphrey, Sherry L. Delange. |
| 260 |
_aNew York : _bSpringer, _cc2004. |
||
| 300 |
_axviii, 631 p. : _bill. ; _c24 cm. |
||
| 504 | _aIncludes bibliographical references (p. 619-623) and index. | ||
| 650 | 0 |
_aBiomechanics. _xME |
|
| 700 | 1 | _aDelange, Sherry L. | |
| 856 | 4 | 2 |
_3Publisher description _uhttp://www.loc.gov/catdir/enhancements/fy0813/2003050660-d.html |
| 856 | 4 | 1 |
_3Table of contents only _uhttp://www.loc.gov/catdir/enhancements/fy0813/2003050660-t.html |
| 906 |
_a7 _bcbc _corignew _d1 _eocip _f20 _gy-gencatlg |
||
| 942 |
_2ddc _cBK |
||
| 999 |
_c64690 _d64690 |
||